Методика расчета темпов проходки горно-разведочных выработок, сооружаемых каждым проходческим комплексом, при одно- и многозабойной работе; Известия Томского политехнического университета [Известия ТПУ]; Т. 323, № 1 : Науки о Земле

Detaylı Bibliyografya
Parent link:Известия Томского политехнического университета [Известия ТПУ]/ Томский политехнический университет (ТПУ).— , 2000-
Т. 323, № 1 : Науки о Земле.— 2013.— [С. 200-207]
Yazar: Шмурыгин В. А. Владимир Александрович
Diğer Yazarlar: Панкратов А. В. Алексей Валентинович, Лукьянов В. Г. Виктор Григорьевич
Özet:Заглавие с титульного листа
Электронная версия печатной публикации
Рассмотрены вопросы эффективного использования дорогостоящего самоходного оборудования, темпов подвигания забоев основных выработок, схем организации производства работ при ведении горно-разведочных работ.
Dil:Rusça
Baskı/Yayın Bilgisi: 2013
Seri Bilgileri:Технология и техника геологоразведочных работ
Konular:
Online Erişim:http://earchive.tpu.ru/bitstream/11683/4921/1/bulletin_tpu-2013-323-1-35.pdf
Materyal Türü: MixedMaterials Elektronik Kitap Bölümü
KOHA link:https://koha.lib.tpu.ru/cgi-bin/koha/opac-detail.pl?biblionumber=243007

MARC

LEADER 00000nla2a2200000 4500
001 243007
005 20231031210313.0
035 |a (RuTPU)RU\TPU\book\264339 
035 |a RU\TPU\book\264338 
090 |a 243007 
100 |a 20130913d2013 k y0rusy50 ca 
101 0 |a rus 
102 |a RU 
135 |a drnn ---uucaa 
181 0 |a i  
182 0 |a b 
200 1 |a Методика расчета темпов проходки горно-разведочных выработок, сооружаемых каждым проходческим комплексом, при одно- и многозабойной работе  |b Электронный ресурс  |f В. А. Шмурыгин, А. В. Панкратов, В. Г. Лукьянов 
203 |a Текст  |c электронный 
215 |a 1 файл (337 Кб) 
225 1 |a Технология и техника геологоразведочных работ 
230 |a Электронные текстовые данные (1 файл : 337 Кб) 
300 |a Заглавие с титульного листа 
300 |a Электронная версия печатной публикации 
320 |a [Библиогр.: с. 207 (16 назв.)] 
330 |a Рассмотрены вопросы эффективного использования дорогостоящего самоходного оборудования, темпов подвигания забоев основных выработок, схем организации производства работ при ведении горно-разведочных работ. 
337 |a Adobe Reader 
461 1 |0 (RuTPU)RU\TPU\book\176237  |t Известия Томского политехнического университета [Известия ТПУ]  |f Томский политехнический университет (ТПУ)  |d 2000- 
463 1 |0 (RuTPU)RU\TPU\book\264203  |x 1684-8519  |t Т. 323, № 1 : Науки о Земле  |v [С. 200-207]  |d 2013  |p 249 с. 
610 1 |a горные работы 
610 1 |a горные выработки 
610 1 |a проходческое оборудование 
610 1 |a самоходное оборудование 
610 1 |a комплексы 
610 1 |a эффективность 
610 1 |a производственные процессы 
610 1 |a труды учёных ТПУ 
610 1 |a электронный ресурс 
700 1 |a Шмурыгин  |b В. А.  |c специалист в области нефтегазового дела  |c доцент Томского политехнического университета  |f 1957-  |g Владимир Александрович  |2 stltpush  |3 (RuTPU)RU\TPU\pers\26137 
701 1 |a Панкратов  |b А. В.  |c специалист в области нефтепромыслового оборудования  |c доцент Томского политехнического университета, кандидат технических наук  |f 1953-  |g Алексей Валентинович  |2 stltpush  |3 (RuTPU)RU\TPU\pers\26132 
701 1 |a Лукьянов  |b В. Г.  |c горный инженер  |c профессор Томского политехнического университета, доктор технических наук  |f 1930-  |g Виктор Григорьевич  |2 stltpush  |3 (RuTPU)RU\TPU\pers\12910 
801 1 |a RU  |b 63413507  |c 20090623  |g PSBO 
801 2 |a RU  |b 63413507  |c 20190517  |g PSBO 
856 4 |u http://earchive.tpu.ru/bitstream/11683/4921/1/bulletin_tpu-2013-323-1-35.pdf 
942 |c CF